000 01006nam a22003137a 4500
003 CHAP
005 20220329134557.0
008 971013s1970 r 00010 d
010 _a22437
011 _a23409
035 _a27505
040 _cCHAP
082 _a519.232
_bB6
100 0 0 _aBox, George E. P.
_914854
245 _aTime series analysis for casting and control
260 _aSan Francisco, Calif. :
_bHolden-Day,
_c1970
300 _a546 p.
490 _aHolden-Day series in time series analysis
590 _aBATCH-UPD
_b10
_c20130110
_lUCH01
_h1853
590 _aBATCH-UPD
_b10
_c20130410
_lUCH01
_h1222
590 _aBATCH-UPD
_b10
_c20130914
_lUCH01
_h0748
590 _aCONVERSION
_b10
_c20130109
_lUCH01
_h1313
650 1 4 _aSeries cronológicas
_xAnálisis.
_9105113
700 0 _aJenkis, Gwilym M.
_961332
830 0 _aHolden-Day series in time series analysis
_955913
901 _aBK
942 _cLIBRO
949 _a519.232 B6
_bBC
_cLIBRO
_d33724000126629
_eLIBRO
_h36003
_i27505
_si
999 _c22437
_d22437